| 000 | 00579nam a22001817a 4500 | ||
|---|---|---|---|
| 005 | 20230918113114.0 | ||
| 010 | _aENG-138077 | ||
| 020 |
_a9789356069503 _c735.00 |
||
| 035 | _aEN-121609 | ||
| 037 | _bDBAD/PUB | ||
| 082 | _a510 | ||
| 245 | _aPearson IIT Foundation Mathematics 2023 / | ||
| 260 |
_aUttar Pradesh _bPearson India Education Services Pvt. Ltd. _c2023 |
||
| 270 |
_a1st Floor, Berger Tower, Plot No. C-001A/2, Sector 16B _bNoida (Uttar Pradesh) _e201301 |
||
| 300 |
_av.p _c28cm(pbk) |
||
| 500 | _aFor Class 10th | ||
| 942 |
_2ddc _cEN _h510 _mIIT |
||
| 999 |
_c198254 _d198254 |
||